[Event "International Tournament "]
[Site "Pool "]
[Date "2021.07.09"]
[Round "1.29"]
[White "Stankovic, Milos"]
[Black "Uskov, Artem"]
[Result "1-0"]
[WhiteElo "2421"]
[BlackElo "2139"]
[PlyCount "107"]
[EventDate "2021.07.09"]

1. d4 Nf6 2. Nc3 d5 3. Bf4 c6 4. Qd2 e6 5. f3 Bd6 6. Bxd6 Qxd6 7. e4 Qe7 8.
O-O-O h6 9. h4 b6 10. Nh3 Bb7 11. Nf4 Nbd7 12. e5 Nh7 13. Bd3 O-O-O 14. g4 Kb8
15. Nce2 Nhf8 16. Nh5 f6 17. f4 Rc8 18. Kb1 Ka8 19. Rde1 Qf7 20. Nhg3 c5 21. c3
Rg8 22. Rhf1 Qe7 23. h5 c4 24. Bc2 b5 25. f5 fxe5 26. dxe5 Nxe5 27. Nd4 Nc6 28.
fxe6 Nxd4 29. Qxd4 Nxe6 30. Qe5 Rc6 31. Bf5 Bc8 32. Qxd5 Qd6 33. Qxc6+ Qxc6 34.
Be4 Nd8 35. Bxc6+ Nxc6 36. Nf5 Rd8 37. Rd1 Rh8 38. Rd5 a6 39. a4 bxa4 40. Rc5
Bb7 41. Nd6 Rd8 42. Nxb7 Kxb7 43. Rxc4 a3 44. bxa3 Rd3 45. Rf7+ Kb6 46. Rxg7
Kb5 47. Re4 Rxc3 48. Rf7 Rxa3 49. Rf5+ Kb6 50. Re6 Rc3 51. Rxh6 Kc7 52. Rf7+
Kb6 53. Rff6 Kb5 54. Rxc6 1-0

[Event "International Tournament "]
[Site "Pool "]
[Date "2021.07.09"]
[Round "1.30"]
[White "Ljepic, Andrej"]
[Black "Polschikov, Alexey"]
[Result "1-0"]
[WhiteElo "2136"]
[BlackElo "2420"]
[PlyCount "77"]
[EventDate "2021.07.09"]

1. e4 d6 2. d4 Nf6 3. Nc3 e5 4. dxe5 dxe5 5. Qxd8+ Kxd8 6. Bc4 Ke8 7. Nf3 Bd6
8. Bg5 Nbd7 9. O-O-O a6 10. Rhe1 b5 11. Bd5 Nxd5 12. exd5 f6 13. Be3 Nf8 14.
Nd2 Ng6 15. Nde4 Nh4 16. Bc5 Bxc5 17. Nxc5 Kf7 18. Rg1 b4 19. N3e4 Ke7 20. f3
Rd8 21. Rd2 Rb8 22. Re1 Rb5 23. a4 bxa3 24. c4 Rxb2 25. Rxb2 axb2+ 26. Kxb2 Nf5
27. Kc3 Nd6 28. Ra1 Nxe4+ 29. fxe4 Rd6 30. Nd3 Rb6 31. Nb4 f5 32. exf5 Rh6 33.
Nc6+ Kf8 34. h3 Bxf5 35. Rxa6 Bd7 36. Ra8+ Kf7 37. Nxe5+ Ke7 38. Ra7 Rh5 39.
Kd4 1-0

[Event "International Tournament "]
[Site "Pool "]
[Date "2021.07.09"]
[Round "1.31"]
[White "Kosic, Dragan"]
[Black "Debevec, Blaz"]
[Result "1/2-1/2"]
[WhiteElo "2419"]
[BlackElo "2135"]
[PlyCount "51"]
[EventDate "2021.07.09"]

1. d4 d6 2. Nf3 g6 3. c4 Bg7 4. Nc3 Bg4 5. h3 Bxf3 6. exf3 Nc6 7. Be3 e5 8.
dxe5 dxe5 9. Qa4 Nge7 10. Rd1 Qc8 11. Bd3 O-O 12. O-O Nd4 13. Be4 Nef5 14. Bc1
c6 15. f4 Nd6 16. Bb1 b5 17. cxb5 N6xb5 18. Qc4 Qe6 19. Bd3 Qxc4 20. Bxc4 Nxc3
21. bxc3 Nb5 22. Rd7 Kh8 23. fxe5 Bxe5 24. Bxf7 Nxc3 25. Re1 Bg7 26. Ree7
1/2-1/2

[Event "International Tournament "]
[Site "Pool "]
[Date "2021.07.09"]
[Round "1.32"]
[White "Dolgun, Can"]
[Black "Abergel, Thal"]
[Result "1/2-1/2"]
[WhiteElo "2133"]
[BlackElo "2414"]
[PlyCount "80"]
[EventDate "2021.07.09"]

1. e4 e5 2. Nf3 d6 3. d4 exd4 4. Nxd4 Nf6 5. Nc3 Be7 6. Bd3 O-O 7. O-O c6 8.
Kh1 b5 9. f4 b4 10. Nce2 c5 11. e5 cxd4 12. exf6 Bxf6 13. Ng3 Nd7 14. Qh5 g6
15. Qf3 Rb8 16. Bd2 Bb7 17. Qg4 Bg7 18. Rae1 f5 19. Qe2 Nc5 20. Bc4+ Kh8 21.
Bxb4 Bxg2+ 22. Qxg2 Rxb4 23. b3 Rb7 24. Re2 Re7 25. Rfe1 Rxe2 26. Rxe2 Qa5 27.
a4 Qc3 28. Qd5 a5 29. Kg2 d3 30. cxd3 Qd4 31. Qxd4 Bxd4 32. Re7 d5 33. Bxd5
Nxd3 34. Ne2 Bc5 35. Re6 Rd8 36. Bc4 Kg7 37. Ra6 Bb4 38. Kf3 Nc5 39. Ra7+ Kh8
40. Kg2 Ne4 1/2-1/2

[Event "International Tournament "]
[Site "Pool "]
[Date "2021.07.09"]
[Round "1.33"]
[White "Agibileg, Uurtsaikh"]
[Black "Gunduz, Umut Erdem"]
[Result "1-0"]
[WhiteElo "2413"]
[BlackElo "2131"]
[PlyCount "59"]
[EventDate "2021.07.09"]

1. d4 Nf6 2. c4 e6 3. Nc3 c5 4. d5 exd5 5. cxd5 d6 6. e4 g6 7. h3 Bg7 8. Nf3
O-O 9. Bd3 b5 10. Nxb5 Re8 11. O-O Nxe4 12. Bxe4 Rxe4 13. Bg5 f6 14. Bd2 Ba6
15. a4 Bxb5 16. axb5 Nd7 17. Ra6 Bf8 18. Qc2 Re8 19. Rfa1 Qb8 20. Qd3 Qb7 21.
Bc3 Reb8 22. Nd2 Qxb5 23. Qxb5 Rxb5 24. Rxa7 Rd8 25. Ne4 Be7 26. Ba5 Rxa5 27.
R1xa5 f5 28. Nc3 Bf6 29. R5a6 Be5 30. Rb7 1-0

[Event "International Tournament "]
[Site "Pool "]
[Date "2021.07.09"]
[Round "1.34"]
[White "Prilleltensky, Matan"]
[Black "Babazada, Khazar"]
[Result "0-1"]
[WhiteElo "2131"]
[BlackElo "2409"]
[PlyCount "32"]
[EventDate "2021.07.09"]

1. c4 Nf6 2. Nc3 g6 3. e4 d6 4. d4 Bg7 5. Nge2 Nbd7 6. f3 c6 7. Be3 Qa5 8. Nc1
Qc7 9. Be2 e5 10. Nb3 O-O 11. O-O exd4 12. Nxd4 Re8 13. Qc2 a6 14. Rac1 Ne5 15.
Rfd1 Qe7 16. Bg5 Qf8 0-1

[Event "International Tournament "]
[Site "Pool "]
[Date "2021.07.09"]
[Round "1.35"]
[White "Raja, Rithvik R"]
[Black "Djokic, Mihailo"]
[Result "1-0"]
[WhiteElo "2408"]
[BlackElo "2129"]
[PlyCount "89"]
[EventDate "2021.07.09"]

1. d4 Nf6 2. c4 g6 3. g3 d5 4. cxd5 Bg7 5. Qa4+ Kf8 6. Bg2 Nxd5 7. Qd1 Nb6 8.
Nc3 Qxd4 9. Qxd4 Bxd4 10. Nb5 Be5 11. Bh6+ Ke8 12. O-O-O Bd7 13. Nd4 Nc6 14.
Nxc6 Bxc6 15. Bxc6+ bxc6 16. Nf3 Bd6 17. e4 f6 18. Rhe1 Kf7 19. e5 Bxe5 20.
Nxe5+ fxe5 21. Rxe5 Nd5 22. Rde1 Rhe8 23. R5e4 Rab8 24. Rc4 Rb6 25. Be3 Ra6 26.
Kb1 Rb8 27. Bc5 Ke8 28. Bxe7 Kd7 29. Bc5 Ra5 30. b3 Re8 31. Rxe8 Kxe8 32. a4
Kd7 33. Kb2 Nb6 34. Rc2 Kc8 35. Ka3 Kb7 36. f4 h5 37. h3 Nd5 38. b4 Ra6 39. a5
h4 40. gxh4 Nxf4 41. Kb3 Nh5 42. Rc4 Kc8 43. Re4 Kd7 44. Re7+ Kd8 45. Rf7 1-0

[Event "International Tournament "]
[Site "Pool "]
[Date "2021.07.09"]
[Round "1.36"]
[White "Radosavljevic, Slobodan D"]
[Black "Perez Gormaz, Matias"]
[Result "0-1"]
[WhiteElo "2129"]
[BlackElo "2400"]
[PlyCount "48"]
[EventDate "2021.07.09"]

1. g3 d5 2. Bg2 Nf6 3. Nf3 e6 4. O-O Be7 5. d3 O-O 6. c4 c5 7. Nc3 d4 8. Na4 a6
9. Qc2 Nc6 10. a3 Bd7 11. e3 e5 12. exd4 exd4 13. Bg5 b6 14. Rab1 Rc8 15. Rfe1
h6 16. Bd2 a5 17. Qb3 Bf5 18. Nh4 Bh7 19. Bh3 Nd7 20. Nf5 Bf6 21. Nd6 Nce5 22.
Nxc8 Nf3+ 23. Kg2 Nxd2 24. Qb5 Bxd3 0-1

[Event "International Tournament "]
[Site "Pool "]
[Date "2021.07.09"]
[Round "1.37"]
[White "Simantsev, Mikhail"]
[Black "Mamedov, Edgar"]
[Result "1/2-1/2"]
[WhiteElo "2398"]
[BlackElo "2129"]
[PlyCount "57"]
[EventDate "2021.07.09"]

1. d4 d5 2. c4 c6 3. Nc3 Nf6 4. e3 e6 5. Nf3 Nbd7 6. Qc2 Bd6 7. Bd3 O-O 8. O-O
dxc4 9. Bxc4 b5 10. Bd3 Bb7 11. h3 b4 12. Na4 c5 13. dxc5 Rc8 14. e4 Nxc5 15.
Nxc5 Rxc5 16. Qe2 Nh5 17. Rd1 Nf4 18. Bxf4 Bxf4 19. Ba6 Bxa6 20. Qxa6 Qc7 21.
a3 b3 22. Qd3 Rc2 23. Qxb3 Rb8 24. Qd3 Rcxb2 25. Rab1 Rxb1 26. Rxb1 Rxb1+ 27.
Qxb1 Bd6 28. a4 Qc5 29. Qd1 1/2-1/2

[Event "International Tournament "]
[Site "Pool "]
[Date "2021.07.09"]
[Round "1.38"]
[White "Srdanovic, Jovana"]
[Black "Sargsyan, Anna M"]
[Result "0-1"]
[WhiteElo "2126"]
[BlackElo "2397"]
[PlyCount "76"]
[EventDate "2021.07.09"]

1. d4 Nf6 2. c4 g6 3. Nc3 d5 4. Nf3 Bg7 5. Bg5 Ne4 6. cxd5 Nxg5 7. Nxg5 e6 8.
Nf3 exd5 9. e3 O-O 10. Be2 Re8 11. O-O h5 12. b4 Be6 13. Rc1 a6 14. Na4 b6 15.
Qc2 Ra7 16. Nb2 Bf5 17. Qb3 c6 18. Nd3 Rc7 19. a4 g5 20. b5 axb5 21. axb5 g4
22. Nd2 Bxd4 23. bxc6 Rxc6 24. Nf4 Be5 25. Bb5 Rxc1 26. Rxc1 Rf8 27. Bd3 Be6
28. Bb1 Bxf4 29. exf4 f5 30. Re1 Qd6 31. Nf1 Nd7 32. Qb2 Kf7 33. Qd4 Qc5 34.
Qd2 h4 35. Ne3 d4 36. Ba2 Bxa2 37. Qxa2+ Kg7 38. Qe6 dxe3 0-1

[Event "International Tournament "]
[Site "Pool "]
[Date "2021.07.09"]
[Round "1.40"]
[White "Krivenko, Dion"]
[Black "Radovanovic, Nikola"]
[Result "0-1"]
[WhiteElo "2115"]
[BlackElo "2395"]
[PlyCount "62"]
[EventDate "2021.07.09"]

1. e4 c5 2. Nf3 e6 3. b3 Nc6 4. Bb5 Nge7 5. Bb2 a6 6. Bxc6 Nxc6 7. O-O Qc7 8.
d4 cxd4 9. Nxd4 Bd6 10. Nxc6 dxc6 11. Qh5 e5 12. Nd2 O-O 13. Nc4 f6 14. Nxd6
Qxd6 15. Rfd1 Qc5 16. Qe2 Be6 17. Qd3 Bg4 18. Rd2 Rfd8 19. Qxd8+ Rxd8 20. Rxd8+
Kf7 21. c4 Qa5 22. Rd3 b5 23. cxb5 axb5 24. h3 Be6 25. a3 c5 26. Kh2 Qb6 27.
Kg1 Qc6 28. Re3 Qd6 29. Rc1 Qd2 30. Rxc5 Qxb2 31. Rxb5 Qxa3 0-1

[Event "International Tournament "]
[Site "Pool "]
[Date "2021.07.09"]
[Round "1.41"]
[White "Bhambure, Shantanu"]
[Black "Kolbert, Engelbert"]
[Result "1/2-1/2"]
[WhiteElo "2391"]
[BlackElo "2113"]
[PlyCount "47"]
[EventDate "2021.07.09"]

1. d4 d5 2. c4 c6 3. Nf3 Nf6 4. Nc3 dxc4 5. a4 Bf5 6. Ne5 e6 7. f3 Bb4 8. e4
Bxe4 9. fxe4 Nxe4 10. Bd2 Qxd4 11. Nxe4 Qxe4+ 12. Qe2 Bxd2+ 13. Kxd2 Qd4+ 14.
Kc2 O-O 15. Nxc4 Na6 16. Qe3 Rad8 17. Be2 Qf6 18. Rad1 b5 19. Ne5 Nb4+ 20. Kc1
Rd5 21. Rxd5 Nxd5 22. Qe4 bxa4 23. Nd3 g6 24. h4 1/2-1/2

[Event "International Tournament "]
[Site "Pool "]
[Date "2021.07.09"]
[Round "1.42"]
[White "Radojicic, Aleksandar M"]
[Black "Yankelevich, Lev"]
[Result "0-1"]
[WhiteElo "2112"]
[BlackElo "2389"]
[PlyCount "41"]
[EventDate "2021.07.09"]

1. d4 Nf6 2. Nc3 d5 3. Bf4 a6 4. e3 e6 5. g4 Bb4 6. Nge2 b5 7. a3 Be7 8. g5 Nh5
9. h4 Nxf4 10. Nxf4 Qd6 11. Qh5 g6 12. Qf3 Nd7 13. h5 Rf8 14. Qg3 Bb7 15. O-O-O
Rb8 16. hxg6 hxg6 17. e4 dxe4 18. d5 e5 19. Nxe4 Qb6 20. Nd3 Bxd5 21. Nxe5 0-1

[Event "International Tournament "]
[Site "Pool "]
[Date "2021.07.09"]
[Round "1.43"]
[White "Mullick, Raahil"]
[Black "Skonnord, Uno"]
[Result "1/2-1/2"]
[WhiteElo "2386"]
[BlackElo "2112"]
[PlyCount "71"]
[EventDate "2021.07.09"]

1. e4 c5 2. Nf3 g6 3. d4 cxd4 4. Nxd4 Bg7 5. Nc3 Nc6 6. Be3 Nf6 7. Bc4 O-O 8.
f3 Qb6 9. Bb3 Nxe4 10. Nd5 Qa5+ 11. c3 Nc5 12. Nxc6 dxc6 13. Nxe7+ Kh8 14. Nxc8
Raxc8 15. O-O Rfe8 16. Bf2 Rcd8 17. Qc2 Qb5 18. Bxf7 Re2 19. c4 Rxc2 20. cxb5
Bxb2 21. Rab1 Rdd2 22. bxc6 bxc6 23. Rbd1 Re2 24. Bb3 Nxb3 25. axb3 c5 26. Rd8+
Kg7 27. Rd7+ Kf8 28. Bg3 Bd4+ 29. Kh1 h5 30. b4 Rxg2 31. bxc5 Bxc5 32. Rfd1 h4
33. Rh7 Rcd2 34. Rb1 Rb2 35. Rd1 Rbd2 36. Rb1 1/2-1/2

[Event "International Tournament "]
[Site "Pool "]
[Date "2021.07.09"]
[Round "1.45"]
[White "Nugumanov, Bakhtiyar"]
[Black "Konyves, Almos"]
[Result "1-0"]
[WhiteElo "2375"]
[BlackElo "2102"]
[Annotator "Balkanchess"]
[PlyCount "27"]
[EventDate "2021.07.09"]

1. d4 Nf6 2. Nf3 d5 3. c4 e6 4. g3 dxc4 5. Qa4+ Nbd7 6. Bg2 Bd6 7. Nbd2 O-O 8.
Nxc4 Be7 9. O-O c5 10. dxc5 Bxc5 11. Bf4 Nd5 12. Bg5 f6 13. Bd2 Qe7 14. Qb3 {
...38} 1-0

[Event "International Tournament "]
[Site "Pool "]
[Date "2021.07.09"]
[Round "1.46"]
[White "Soubirou, Oriane"]
[Black "Vatsal, Singhania"]
[Result "0-1"]
[WhiteElo "2101"]
[BlackElo "2371"]
[PlyCount "72"]
[EventDate "2021.07.09"]

1. e4 c5 2. Nf3 d6 3. d4 cxd4 4. Qxd4 Nc6 5. Bb5 Bd7 6. Qd3 Nf6 7. c4 g6 8. O-O
Bg7 9. Nc3 O-O 10. h3 a6 11. Bxc6 Bxc6 12. Rd1 Rc8 13. Nd4 Nd7 14. Be3 Ne5 15.
Qe2 Bd7 16. b3 b5 17. cxb5 Rxc3 18. f4 Bg4 19. Qe1 Rxe3 20. Qxe3 Bxd1 21. fxe5
dxe5 22. Nc6 Qd6 23. a4 f5 24. Rc1 f4 25. Qc5 Qxc5+ 26. Rxc5 axb5 27. axb5 f3
28. Nxe7+ Kh8 29. gxf3 Bxf3 30. Rc4 Be2 31. Rc5 Bd3 32. b6 Bxe4 33. Nc6 Bh6 34.
Rc3 Bd2 35. Rc4 Be3+ 36. Kh2 Rf2+ 0-1

[Event "International Tournament "]
[Site "Pool "]
[Date "2021.07.09"]
[Round "1.47"]
[White "Pranav, V."]
[Black "Garabetyan, Arno"]
[Result "1-0"]
[WhiteElo "2366"]
[BlackElo "2096"]
[PlyCount "53"]
[EventDate "2021.07.09"]

1. e4 c5 2. Nf3 e6 3. b3 b6 4. Bb2 Bb7 5. Nc3 a6 6. d4 cxd4 7. Nxd4 Qc7 8. a3
Nf6 9. Bd3 Be7 10. O-O Nc6 11. Nxc6 dxc6 12. Qe2 c5 13. e5 Nd7 14. f4 b5 15.
Be4 g6 16. Rad1 O-O 17. Bxb7 Qxb7 18. Ne4 Rfd8 19. Rf3 Nf8 20. Rdf1 c4 21. g4
cxb3 22. cxb3 Qd5 23. f5 Rd7 24. Kh1 exf5 25. gxf5 Rc8 26. e6 Nxe6 27. fxe6 1-0

[Event "International Tournament "]
[Site "Pool "]
[Date "2021.07.09"]
[Round "1.48"]
[White "Fernandez Manrique, Agustin"]
[Black "Nandhidhaa, P V."]
[Result "0-1"]
[WhiteElo "2090"]
[BlackElo "2365"]
[PlyCount "56"]
[EventDate "2021.07.09"]

1. c4 e5 2. Nc3 Nf6 3. Nf3 Nc6 4. e4 Bb4 5. d3 d6 6. a3 Bc5 7. b4 Bb6 8. Na4
Bd4 9. Nxd4 Nxd4 10. Bb2 Bg4 11. f3 Bd7 12. Nc3 O-O 13. Ne2 c5 14. Nxd4 cxd4
15. a4 Nh5 16. g3 f5 17. exf5 Bxf5 18. Bg2 Qg5 19. Qe2 Qg6 20. Rd1 Bd7 21. Ra1
d5 22. cxd5 Bf5 23. Rd1 Nf6 24. O-O Rfe8 25. Ba3 Nxd5 26. Qa2 Be6 27. Bh3 Nc3
28. Bxe6+ Rxe6 0-1

[Event "International Tournament "]
[Site "Pool "]
[Date "2021.07.09"]
[Round "1.49"]
[White "Souhardo, Basak"]
[Black "Gokcek, Kursat Bugra"]
[Result "0-1"]
[WhiteElo "2364"]
[BlackElo "2089"]
[PlyCount "82"]
[EventDate "2021.07.09"]

1. e4 c5 2. Nf3 e6 3. d4 cxd4 4. Nxd4 Nc6 5. Nc3 Qc7 6. Be3 a6 7. Be2 Nf6 8.
O-O Be7 9. f4 d6 10. Qe1 Nxd4 11. Bxd4 O-O 12. Qg3 b5 13. Bd3 Bb7 14. a3 g6 15.
Rae1 Nh5 16. Qe3 Nxf4 17. Rxf4 e5 18. Rf3 exd4 19. Qh6 Bg5 20. Qxg5 dxc3 21. b4
Rae8 22. Rf6 Re5 23. Qh4 Qe7 24. Re3 Re8 25. Qf4 Bc8 26. g4 Bxg4 27. Rg3 Kg7
28. Rxd6 Qxd6 29. Qxg4 a5 30. bxa5 Qxa3 31. Qd7 Qxa5 32. Qd4 b4 33. Kg2 Qc5 34.
Qd7 b3 35. cxb3 c2 36. Bc4 c1=Q 37. Qxf7+ Kh6 38. Rh3+ Rh5 39. Rxh5+ Qxh5 40.
Qxe8 Qg4+ 41. Kf2 Qcg1# 0-1

[Event "International Tournament "]
[Site "Pool "]
[Date "2021.07.09"]
[Round "1.25"]
[White "Ahmadzada, Ahmad"]
[Black "Rowe, Duane"]
[Result "1-0"]
[WhiteElo "2431"]
[BlackElo "2157"]
[PlyCount "37"]
[EventDate "2021.07.09"]

1. e4 c5 2. Nf3 e6 3. Nc3 Nc6 4. g3 a6 5. d4 cxd4 6. Nxd4 Qc7 7. Bg2 Nf6 8. O-O
Nxd4 9. Qxd4 Bc5 10. Bf4 d6 11. Qd2 h6 12. Rad1 e5 13. Be3 Bb4 14. Nb5 axb5 15.
Qxb4 Rxa2 16. Qxb5+ Bd7 17. Qb4 O-O 18. Rxd6 Rxb2 19. Rxd7 1-0

[Event "International Tournament "]
[Site "Pool "]
[Date "2021.07.09"]
[Round "1.21"]
[White "Muradli, Mahammad"]
[Black "Zhukov, Anton"]
[Result "1-0"]
[WhiteElo "2461"]
[BlackElo "2174"]
[PlyCount "89"]
[EventDate "2021.07.09"]

1. d4 Nf6 2. c4 e6 3. Nf3 d5 4. Bg5 Be7 5. Nc3 h6 6. Bh4 O-O 7. e3 Nbd7 8. Rc1
a6 9. cxd5 exd5 10. Bg3 c6 11. h3 Ne4 12. Nxe4 dxe4 13. Nd2 Nf6 14. a3 Bf5 15.
Qb3 Qd7 16. Nc4 Be6 17. Qc2 Bxc4 18. Bxc4 Bd6 19. Be5 Rfe8 20. Bxf6 gxf6 21. g3
Rac8 22. Qe2 c5 23. dxc5 Rxc5 24. Rd1 Qc6 25. Ba2 Bc7 26. O-O f5 27. Qh5 Rf8
28. b4 Re5 29. Rc1 Qb6 30. Rxc7 Qxc7 31. Qg6+ Kh8 32. Qxh6+ Kg8 33. Rd1 Rfe8
34. Rd6 Qxd6 35. Qxd6 Kg7 36. h4 R8e7 37. h5 f6 38. Qd8 Re8 39. Qd7+ R8e7 40.
Qc8 Re8 41. Qxb7+ R8e7 42. Qxa6 f4 43. h6+ Kxh6 44. Qxf6+ Kh7 45. exf4 1-0

[Event "International Tournament "]
[Site "Pool "]
[Date "2021.07.09"]
[Round "1.50"]
[White "Lopez Pereyra, Antonio"]
[Black "Baglan, Esat"]
[Result "1/2-1/2"]
[WhiteElo "2086"]
[BlackElo "2359"]
[Annotator "Balkanchess"]
[PlyCount "97"]
[EventDate "2021.07.09"]

1. e4 c5 2. Nf3 d6 3. d4 cxd4 4. Nxd4 Nf6 5. Nc3 g6 6. Bg5 Bg7 7. Bb5+ Bd7 8.
Qe2 h6 9. Bh4 a6 10. Bxd7+ Nbxd7 11. Nb3 Rc8 12. O-O Qc7 13. f4 O-O 14. Rad1
Rfe8 15. Qf3 b5 16. a3 a5 17. Rd2 b4 18. axb4 axb4 19. Nd1 Nc5 20. Nxc5 Qxc5+
21. Kh1 Qh5 22. Bxf6 Qxf3 23. gxf3 Bxf6 24. b3 Rc5 25. Ne3 Rec8 26. Nc4 Rxc4
27. bxc4 Rxc4 28. Rb1 Bc3 29. Re2 Kg7 30. Kg2 Kf6 31. Rd1 Rc6 32. h4 h5 33. Rd5
Ra6 34. f5 Ra2 35. Rb5 e6 36. fxg6 fxg6 37. f4 Ra1 38. Rg5 Bd4 39. e5+ dxe5 40.
fxe5+ Kg7 41. Kh2 Kf7 42. Re4 Rd1 43. Rf4+ Ke7 44. Re4 Kd7 45. Rxg6 Kc6 46. Re2
Kd5 47. Rg5 Ra1 48. Rxh5 Ra2 {...56} 49. Kg2 1/2-1/2

[Event "International Tournament "]
[Site "Pool "]
[Date "2021.07.09"]
[Round "1.51"]
[White "Kamer, Kayra"]
[Black "Stankovic, Boris"]
[Result "0-1"]
[WhiteElo "2355"]
[BlackElo "2084"]
[Annotator "Balkanchess"]
[PlyCount "94"]
[EventDate "2021.07.09"]

1. Nf3 Nf6 2. g3 g6 3. b4 Bg7 4. Bb2 O-O 5. Bg2 d6 6. O-O Nbd7 7. c4 e5 8. d3
Re8 9. Nc3 Nh5 10. e4 c6 11. Nd2 Nf8 12. Nb3 Ne6 13. a4 Nd4 14. a5 b5 15. cxb5
Nxb5 16. Nxb5 cxb5 17. d4 Be6 18. d5 Bd7 19. a6 Qb6 20. Bc1 Rac8 21. Be3 Qb8
22. Na5 Bf6 23. Bf3 Ng7 24. Be2 Bd8 25. Nb7 f5 26. f3 Rc3 27. Bf2 fxe4 28. fxe4
Bh3 29. Qd2 Rb3 30. Rfc1 Rf8 31. Bd1 Bb6 32. Bxb3 Rxf2 33. Qxf2 Bxf2+ 34. Kxf2
Qf8+ 35. Ke3 Nh5 36. Bd1 Nf6 37. Bf3 Bg4 38. Bd1 Qh6+ 39. Kd3 Qxh2 40. Nxd6
Qxg3+ 41. Kc2 Nxe4 42. Nxe4 Bf5 43. Kb2 Bxe4 44. Bb3 Qg2+ 45. Kc3 Bxd5 46. Rab1
Bxb3 47. Rxb3 Qf2 {...66} 0-1

[Event "International Tournament "]
[Site "Pool "]
[Date "2021.07.09"]
[Round "1.52"]
[White "Jordanov, Mihail"]
[Black "Gajic, Mladen"]
[Result "1/2-1/2"]
[WhiteElo "2082"]
[BlackElo "2352"]
[PlyCount "52"]
[EventDate "2021.07.09"]

1. e4 Nf6 2. d3 d5 3. exd5 Nxd5 4. g3 g6 5. Bg2 Bg7 6. Ne2 O-O 7. Nbc3 c6 8. h3
e5 9. Nxd5 cxd5 10. O-O Nc6 11. f4 e4 12. Kh2 f5 13. c4 Be6 14. cxd5 Bxd5 15.
dxe4 Bxe4 16. Qb3+ Kh8 17. Bxe4 fxe4 18. Rd1 Qb6 19. Qxb6 axb6 20. Nc3 Nb4 21.
Nxe4 Rfe8 22. Nc3 Bxc3 23. bxc3 Re2+ 24. Kg1 Nc2 25. Rb1 Rxa2 26. Rxb6 Nd4
1/2-1/2

[Event "International Tournament "]
[Site "Pool "]
[Date "2021.07.09"]
[Round "1.53"]
[White "Grieve, Harry"]
[Black "Samaridis, Konstantinos"]
[Result "1/2-1/2"]
[WhiteElo "2351"]
[BlackElo "2081"]
[PlyCount "66"]
[EventDate "2021.07.09"]

1. e4 e5 2. Nf3 Nc6 3. Bc4 Bc5 4. c3 Nf6 5. d4 exd4 6. e5 d5 7. Bb5 Ne4 8. cxd4
Bb6 9. Nc3 O-O 10. Be3 Bg4 11. h3 Bh5 12. Qc2 Bg6 13. Qb3 Ne7 14. O-O c6 15.
Bd3 Nf5 16. Qc2 Nxe3 17. fxe3 Nxc3 18. Bxg6 hxg6 19. bxc3 Qd7 20. Ng5 Bd8 21.
Rxf7 Rxf7 22. e6 Qe7 23. exf7+ Kf8 24. Nf3 Qxe3+ 25. Kh1 Kxf7 26. Re1 Qf4 27.
Ne5+ Kg8 28. Qxg6 Bc7 29. Qe6+ Kh7 30. Qg6+ Kg8 31. Qe6+ Kh7 32. Qe7 Bxe5 33.
Rxe5 Qf1+ 1/2-1/2

[Event "International Tournament "]
[Site "Pool "]
[Date "2021.07.09"]
[Round "1.54"]
[White "Ellis, Antoine"]
[Black "Gurel, Ediz"]
[Result "0-1"]
[WhiteElo "2079"]
[BlackElo "2346"]
[PlyCount "80"]
[EventDate "2021.07.09"]

1. d4 Nf6 2. c4 e6 3. Nc3 Bb4 4. Nf3 O-O 5. g3 c5 6. Bg2 cxd4 7. Nxd4 d5 8.
cxd5 Nxd5 9. Qb3 Qe7 10. O-O Nb6 11. Nc2 Bc5 12. Ne4 Na6 13. Rd1 e5 14. Nxc5
Nxc5 15. Qb4 Be6 16. Be3 Rfc8 17. Bxb7 Qxb7 18. Bxc5 Qa6 19. Ne3 Qxe2 20. Bxb6
axb6 21. Rd2 Qf3 22. Qxb6 h5 23. Rad1 Rxa2 24. h4 Raa8 25. Qb5 Re8 26. Qe2 Qxe2
27. Rxe2 Rab8 28. f3 Rb3 29. Kf2 f5 30. Nd5 e4 31. fxe4 fxe4 32. Nc3 Bg4 33.
Rxe4 Rf8+ 34. Kg2 Rxb2+ 35. Kg1 Bxd1 36. Nxd1 Rd2 37. Ne3 Re2 38. Re5 Rf3 39.
Ng4 Rxg3+ 40. Kf1 Rxe5 0-1

[Event "International Tournament "]
[Site "Pool "]
[Date "2021.07.09"]
[Round "1.55"]
[White "Ramoutar, Alan-Safar"]
[Black "Ciric, Pavle"]
[Result "1-0"]
[WhiteElo "2344"]
[BlackElo "2078"]
[PlyCount "87"]
[EventDate "2021.07.09"]

1. e4 e6 2. d4 d5 3. e5 c5 4. c3 Nc6 5. Nf3 Bd7 6. Be2 cxd4 7. cxd4 Bb4+ 8. Nc3
Rc8 9. O-O Nge7 10. a3 Bxc3 11. bxc3 Na5 12. Qc2 Qc7 13. Bd2 Nc4 14. Rfc1 h6
15. Be1 O-O 16. Nd2 Bb5 17. Bg4 Nxd2 18. Qxd2 Nc6 19. Qb2 Bd3 20. Rd1 Be4 21.
f3 Bg6 22. Rac1 Na5 23. f4 Nc4 24. Qe2 a6 25. a4 Qc6 26. Ra1 Nb6 27. a5 Nc4 28.
Bh3 Qc7 29. g4 Be4 30. f5 exf5 31. gxf5 Qd7 32. Qh5 Ne3 33. f6 Bf5 34. Rd3 Bxh3
35. Rxe3 Bf5 36. Rg3 Bg6 37. Qh4 Qf5 38. fxg7 Kxg7 39. Bd2 Rh8 40. Rf1 Qe6 41.
Rf6 Qe8 42. e6 fxe6 43. Rfxg6+ Qxg6 44. Qe7+ 1-0

[Event "International Tournament "]
[Site "Pool "]
[Date "2021.07.09"]
[Round "1.56"]
[White "Veljanoski, Andrej"]
[Black "Kamalidenova, Meruert"]
[Result "0-1"]
[WhiteElo "2074"]
[BlackElo "2334"]
[PlyCount "86"]
[EventDate "2021.07.09"]

1. e4 c5 2. Nf3 d6 3. d4 cxd4 4. Nxd4 Nf6 5. Nc3 a6 6. h3 e5 7. Nde2 h5 8. g3
Be6 9. Bg2 Nbd7 10. O-O b5 11. Be3 Be7 12. a4 Rb8 13. axb5 axb5 14. Nd5 Nxd5
15. exd5 Bf5 16. f4 Qc8 17. c3 O-O 18. Ra7 Bd8 19. Kh2 Re8 20. fxe5 Nxe5 21.
Bd4 Bb6 22. Bxb6 Rxb6 23. Nd4 Bg6 24. Nc6 Rb7 25. Rxb7 Qxb7 26. Re1 f6 27. Nxe5
fxe5 28. Be4 Bxe4 29. Rxe4 Rf8 30. Kg2 Qf7 31. Re2 Qf3+ 32. Kh2 h4 33. gxh4
Qf4+ 34. Kg2 Rf6 35. Qe1 Rg6+ 36. Kh1 Rg3 37. Rg2 Re3 38. Qd2 Rxh3+ 39. Kg1
Qxh4 40. Kf1 Rh1+ 41. Ke2 Qe4+ 42. Kf2 Qf5+ 43. Ke3 Rh3+ 0-1

[Event "International Tournament "]
[Site "Pool "]
[Date "2021.07.09"]
[Round "1.57"]
[White "Samadov, Read"]
[Black "Ilijic, Mihajilo"]
[Result "1-0"]
[WhiteElo "2332"]
[BlackElo "2058"]
[PlyCount "83"]
[EventDate "2021.07.09"]

1. d4 Nf6 2. c4 g6 3. Nc3 d5 4. cxd5 Nxd5 5. e4 Nxc3 6. bxc3 Bg7 7. Bc4 O-O 8.
Ne2 Nc6 9. O-O e5 10. Be3 exd4 11. cxd4 Na5 12. Bd3 c5 13. d5 c4 14. Bc2 f5 15.
Bd4 fxe4 16. Bxg7 Kxg7 17. Nc3 Bf5 18. Qd2 b6 19. Bxe4 Qd6 20. Rad1 Rae8 21.
Rfe1 Bg4 22. f3 Bd7 23. h4 Qf4 24. Qf2 Qf6 25. Re3 Qd6 26. Bc2 Rxe3 27. Qxe3
Qf4 28. Qf2 Nb7 29. Rd4 Qc1+ 30. Rd1 Qf4 31. d6 Na5 32. Nd5 Qxd6 33. Qd4+ Kg8
34. Re1 Nb7 35. Kh1 Rf7 36. Qxc4 Be6 37. Rd1 Bxd5 38. Rxd5 Qe7 39. h5 Nd6 40.
Qd4 Nf5 41. Rd8+ Rf8 42. Bb3+ 1-0

[Event "International Tournament "]
[Site "Pool "]
[Date "2021.07.09"]
[Round "1.58"]
[White "Bozilov, Dragan"]
[Black "Ozenir, Ekin Baris"]
[Result "1/2-1/2"]
[WhiteElo "2056"]
[BlackElo "2331"]
[PlyCount "58"]
[EventDate "2021.07.09"]

1. e4 e6 2. e5 d5 3. exd6 Bxd6 4. d4 Nf6 5. Nf3 O-O 6. Bd3 b6 7. Bg5 Bb7 8. O-O
Nbd7 9. Re1 c5 10. Nbd2 Be7 11. c3 Rc8 12. Qe2 h6 13. Bh4 Re8 14. Rad1 Nh5 15.
Bxe7 Qxe7 16. Be4 Nf4 17. Qf1 Nf6 18. Bxb7 Qxb7 19. g3 N4d5 20. Qe2 cxd4 21.
Nxd4 Red8 22. N2f3 a6 23. a4 Nc7 24. Ne5 b5 25. axb5 Nxb5 26. Nxb5 axb5 27. Nd3
Nd5 28. Qf3 Qe7 29. Nf4 Nf6 1/2-1/2